|
|
|
|
| LEADER |
00000nam a2200000 a 4500 |
| 001 |
vtls001118633 |
| 003 |
SK-MaSNL |
| 005 |
20260302064327.0 |
| 008 |
250414s1984 xo 0 slo |
| 015 |
|
|
|a SNBA1984/06
|
| 035 |
|
|
|a SNK000061476
|
| 040 |
|
|
|a SNK
|b slo
|c SNK
|e AACR2
|
| 041 |
0 |
|
|a slo
|
| 044 |
|
|
|a xo
|c SK
|
| 080 |
|
|
|a 621.9-52:681.32(075.8)
|2 1981
|
| 080 |
|
|
|a 681.32(075.8)
|2 1981
|
| 100 |
1 |
|
|a Eliáš, Květoslav,
|d 1925-2015
|4 aut
|9 215594
|
| 245 |
1 |
0 |
|a Mechanizácia a automatizácia obrábania
|c Květoslav Eliáš, Ján Souček
|
| 250 |
|
|
|a 2. vyd.
|
| 260 |
|
|
|a Bratislava
|b Slovenská vysoká škola technická
|c 1984
|e Bratislava
|f Edičné stredisko SVŠT
|
| 300 |
|
|
|a 164 s., 13,959 AH
|b Tb. Sch.
|c 29 cm
|
| 366 |
|
|
|e 200 výtl.
|
| 500 |
|
|
|a Lit. 27. Schválil Rektorát SVŠT v Bratislave ako skriptum. Rozmn. 27 zázn. v češ., ruš., nem. a angl.
|
| 700 |
1 |
|
|a Souček, Ján,
|d 1933-2003
|4 aut
|9 219538
|
| 852 |
|
|
|a Slovenská národná knižnica
|
| 954 |
|
|
|a stroje obrábacie riadené číslicovo
|a NC stroje
|
| 958 |
|
|
|a OND
|
| 958 |
|
|
|a NB
|
| 958 |
|
|
|a RM
|
| 958 |
|
|
|a UV
|
| 999 |
|
|
|c 1137021
|d 1138951
|
| 952 |
|
|
|a SNK
|b SNK
|y PREZ
|7 0
|p 17A0791371
|o snkSB 37813
|0 0
|1 0
|4 0
|d 2012-05-09
|f 1
|l 0
|r 2025-04-22 00:00:00
|w 2026-02-24
|
| 952 |
|
|
|t P60, <04>, [BOOK], {604}
|a SNK
|b SNK
|y VYP
|7 0
|p 17A0207085
|o snkSB 37813 D1
|0 0
|1 0
|4 0
|d 1999-08-18
|l 0
|r 2004-12-31 00:00:00
|w 2026-02-24
|